| 000 -LEADER |
| fixed length control field |
00791nam a22001337a 4500 |
| 008 - FIXED-LENGTH DATA ELEMENTS--GENERAL INFORMATION |
| fixed length control field |
260211b ||||| |||| 00| 0 eng d |
| 100 ## - MAIN ENTRY--PERSONAL NAME |
| Personal name |
Bhutani, Ashish Kumar |
| 245 ## - TITLE STATEMENT |
| Title |
Cooperatives realizing dream of Viksit Bharat@2047 |
| 260 ## - PUBLICATION, DISTRIBUTION, ETC. (IMPRINT) |
| Place of publication, distribution, etc |
Kurukshetra |
| 300 ## - PHYSICAL DESCRIPTION |
| Extent |
73(9), Jul, 2025: p.5-8 |
| 520 ## - SUMMARY, ETC. |
| Summary, etc |
The United nations has declared the year 2025 as the ‘international year of cooperatives’ with the theme ‘cooperatives bulled a better world.’ India, with the resolve of ‘Sahkar se Samriddhi is celebrating the social and economic contribution of cooperative societies. IYC 2025 serves as a platform to showcase success stores, promote innovation, and modernize practices across the cooperative landscape. – Reproduced |
| 773 ## - HOST ITEM ENTRY |
| Main entry heading |
Kurukshetra |
| 942 ## - ADDED ENTRY ELEMENTS (KOHA) |
| Item type |
Articles |